EVERYDAY ENGLISH (Record no. 4003)

MARC details
000 -LEADER
fixed length control field 00452nam a22001577a 4500
003 - CONTROL NUMBER IDENTIFIER
control field OSt
005 - DATE AND TIME OF LATEST TRANSACTION
control field 20230404125515.0
008 - FIXED-LENGTH DATA ELEMENTS--GENERAL INFORMATION
fixed length control field 230404b |||||||| |||| 00| 0 eng d
020 ## - INTERNATIONAL STANDARD BOOK NUMBER
International Standard Book Number 978-1-84317-566-7
040 ## - CATALOGING SOURCE
Transcribing agency CML
082 ## - DEWEY DECIMAL CLASSIFICATION NUMBER
Classification number 428.2FIN
245 ## - TITLE STATEMENT
Title EVERYDAY ENGLISH
Remainder of title : GETTING TO GRIPS WITHTHE BASICS OF THE LANGUAGE
Statement of responsibility, etc. BY FINLAY, MICHELLE
260 ## - PUBLICATION, DISTRIBUTION, ETC.
Place of publication, distribution, etc. LONDON
Name of publisher, distributor, etc. MICHAEL O'MARA BOOKS LIMITED
Date of publication, distribution, etc. 2011
300 ## - PHYSICAL DESCRIPTION
Extent 192p.
942 ## - ADDED ENTRY ELEMENTS (KOHA)
Source of classification or shelving scheme Dewey Decimal Classification
Koha item type Books
Call number prefix 428.2
Call number suffix FIN
Holdings
Withdrawn status Lost status Source of classification or shelving scheme Damaged status Not for loan Collection code Home library Current library Shelving location Date acquired Total Checkouts Full call number Barcode Date last seen Copy number Price effective from Koha item type
    Dewey Decimal Classification     Language Chalimbana Main Library Chalimbana Main Library Language 04/04/2023   428.2FIN 9781843175667 04/04/2023 1 04/04/2023 Books

Powered by Koha